000 00499nam a22001931c 4500
001 a987672970
008 140814s1955 gw |||| 000u ger d
041 _ager
100 1 _aBeck, Ludwig
245 0 0 _aStudien /
_cLudwig Beck. Hrsg. und eingel. von Hans Speidel
264 _aStuttgart :
_bKoehler,
_c1955
300 _a302 S.
650 0 _aAufsatzsammlung
600 0 _aBeck, Ludwig
700 1 _aSpeidel, Hans
_eHerausgeberIn
942 _cMG
040 _cRU-10907106
003 RU-10907106
999 _c24513
_d24513